Online
Catalog

Vocabulario de terapia familiar / (Record no. 22067)

MARC details
000 -CABECERA
campo de control de longitud fija 00986nam a2200289 a 4500
001 - NÚMERO DE CONTROL
campo de control 000022570
005 - FECHA Y HORA DE LA ÚLTIMA TRANSACCIÓN
campo de control 20200930021700.0
008 - DATOS DE LONGITUD FIJA--INFORMACIÓN GENERAL
campo de control de longitud fija 101013s2002 es 001 0 spa d
020 ## - NÚMERO INTERNACIONAL ESTÁNDAR DEL LIBRO
Número Internacional Estándar del Libro 8474324912
040 ## - FUENTE DE LA CATALOGACIÓN
Centro catalogador/agencia de origen DO-SdBNP
Lengua de catalogación spa
Centro/agencia transcriptor BNPHU
082 ## - NÚMERO DE LA CLASIFICACIÓN DECIMAL DEWEY
Número de clasificación R616.8915603
Número de documento/Ítem S593L
049 ## - FONDOS LOCALES (OCLC)
Fondos de biblioteca BNPD
100 1# - ENTRADA PRINCIPAL--NOMBRE DE PERSONA
Nombre de persona Simón Fritz B.
9 (RLIN) 46455
240 14 - TÍTULO UNIFORME
Título uniforme The language of family therapy
Lenguaje de la obra español
245 10 - MENCIÓN DE TÍTULO
Título Vocabulario de terapia familiar /
Mención de responsabilidad, etc. Fritz B. Simón, Helm Stierlin, Lyman C. Wynne ; traductora Beatriz López.
260 ## - PUBLICACIÓN, DISTRIBUCIÓN, ETC.
Lugar de publicación, distribución, etc. Barcelona :
Nombre del editor, distribuidor, etc. Gedisa,
Fecha de publicación, distribución, etc. 2002.
Fabricante Carvigraf
300 ## - DESCRIPCIÓN FÍSICA
Extensión 460 p. ;
Dimensiones 23 cm.
490 1# - MENCIÓN DE SERIE
Mención de serie Terapia Familiar
500 ## - NOTA GENERAL
Nota general Traducido del inglés.
504 ## - NOTA DE BIBLIOGRAFÍA, ETC.
Nota de bibliografía, etc. Bibliografía al final de vocablos.
650 #4 - PUNTO DE ACCESO ADICIONAL DE MATERIA--TÉRMINO DE MATERIA
Término de materia o nombre geográfico como elemento de entrada Psicoterapia familiar
Subdivisión general Diccionarios
9 (RLIN) 46456
700 1# - PUNTO DE ACCESO ADICIONAL--NOMBRE DE PERSONA
Nombre de persona Wynne, Lyman C.
9 (RLIN) 46457
700 1# - PUNTO DE ACCESO ADICIONAL--NOMBRE DE PERSONA
Nombre de persona Stierlin, Helm
9 (RLIN) 46458
700 1# - PUNTO DE ACCESO ADICIONAL--NOMBRE DE PERSONA
Nombre de persona López, Beatriz,
Término indicativo de función/relación tr.
9 (RLIN) 46459
830 #0 - PUNTO DE ACCESO ADICIONAL DE SERIE-TÍTULO UNIFORME
Título uniforme Terapia Familiar
9 (RLIN) 11032
910 ## - DATOS DE OPCIÓN DEL USUARIO (OCLC)
Datos de opción del usuario Validado. Control de calidad EMS.
Holdings
Estado de retiro Estado de pérdida Restricciones de uso No para préstamo Código de colección Localización permanente Ubicación/localización actual Ubicación en estantería Fecha de adquisición Número de inventario Total de préstamos Signatura topográfica completa Código de barras Fecha visto por última vez Precio válido a partir de Tipo de ítem Koha
      Excluido de préstamo Monografías: Libros y Folletos General General Depósito 13.10.2010 LF1   R616.8915603 S593L 22570-10 25.06.2020 25.06.2020 No se presta

Powered by Koha